000 00524nam a2200181Ia 4500
005 20250508152455.0
008 008 250505s9999 xx 000 0 eng d
037 _aBooks to be hide in OPAC
040 _aFEDL
_beng
_cFEDL
041 _aeng
_2eng
084 _a901.954, MUK
_qFEDL
100 _aMukerjee Radhakamal
245 0 _aHistory of Indian civilization. Vol 1
260 _aBombay, India
_bHind Kitabs Ltd
_c1958
300 _axiv,464p.
942 _cHB
_h901.954, MUK
999 _c1336658
_d1336658